| 000 | 01424cam a22002295a 4500 | ||
|---|---|---|---|
| 001 | L155781 | ||
| 008 | 120416s1786 xxk f 000 0 eng d | ||
| 035 | _a(Sirsi) u155781 | ||
| 041 | 0 | _aeng | |
| 100 | 1 |
_aEvelyn, John _d1620-1706 |
|
| 245 | 0 | 0 |
_aSilva: or, A discourse of forest-trees, and the propagation of timber in his Majesty's dominions _bas it was delivered in the Royal Society on the 15th day of October, 1662, upon occasion of certain quæries propounded to that illustrious assembly, by the honourable the principal officers and commissioners of the Navy. Together with an historical account of the sacredness and use of standing groves. By John Evelyn, Esq; Fellow of the Royal Society. With notes by A. Hunter, M.D. F.R.S. |
| 250 | _aA new edition. To which is added the Terra: a philosophical discourse of earth | ||
| 260 |
_aYork _bprinted by A. Ward for J. Dodsley, Pall-Mall; T. Cadell, in the Strand; J. Robson, New Bond-Street; and R. Baldwin, Pater-Noster-Row, London: J. Todd, York _cM.DCC.LXXXVI. [1786] |
||
| 300 |
_a2 v. _bill., 1 port. _c4o |
||
| 520 | _aThe 'Terra' has a separate title page, pagination and register. | ||
| 583 | 0 |
_aCondition reviewed _c20120620 _lcondition level 4, detached boards |
|
| 583 |
_aSent for conservation _c20130129 _kElizabeth Neville |
||
| 651 | 4 |
_aGreat Britain _y1707- |
|
| 690 |
_aRural _96268 |
||
| 700 | 1 |
_aHunter, A. _q(Alexander) _d1729-1809 |
|
| 942 | _n0 | ||
| 999 |
_c113818 _d113818 |
||